Hechos colombianos para ojos y oídos de las Américas (Registro nro. 2085)

Detalles MARC
000 -CABECERA
Longitud fija campo de control 00940nam a2200265 i 4500
003 - • IDENTIFICADOR DELl NÚMERO DE CONTROL
Identificador del número de control CO-BoRNBP
005 - • FECHA Y HORA DE LA ÚLTIMA TRANSACCIÓN
Fecha y hora de la última transacción 20220316235750.0
007 - • CAMPO FIJO DE DESCRIPCIÓN FÍSICA
Campo fijo de descripción física ta
008 - • CÓDIGOS DE INFORMACIÓN DE LONGITUD FIJA
Códigos de información de longitud fija 200326s2003 ck gr 000 0 spa d
020 ## - • NÚMERO INTERNACIONAL NORMALIZADO PARA LIBROS
Número Internacional Normalizado para Libros (ISBN) 9588159687
040 ## - FUENTE DE LA CATALOGACIÓN
Centro catalogador de origen CO-BoRNBP
Lengua de catalogación spa
Normas de descripción rda
Centro transcriptor CO-BoRNBP
041 0# - • CÓDIGO DE LENGUA
Código de lengua del texto/banda sonora o título independiente spa
082 04 - • NÚMERO DE LA CLASIFICACIÓN DECIMAL DEWEY
Número de clasificación (R) 791.4309861
Número del ítem M67h
Número de edición 23
100 1# - • PUNTO DE ACCESO PRINCIPAL-NOMBRE DE PERSONA
Nombre de persona Mora Forero, Cira Inés
Término indicativo de función autora
245 10 - • TITULO PROPIAMENTE DICHO
Título Hechos colombianos para ojos y oídos de las Américas
Mención de responsabilidad, etc. Cira Inés Mora Forero, Adriana María Carrillo Hernández
264 #1 - PRODUCCIÓN, PUBLICACIÓN , DISTRIBUCIÓN, FABRICACIÓN Y COPYRIGHT
Lugar de producción, publicación, distribución, fabricación Bogotá, Colombia
Nombre del productor, editor, distribuidor, fabricante Ministerio de Cultura
Fecha de de producción, publicación, distribución, fabricación o copyright 2003
300 ## - • DESCRIPCIÓN FÍSICA
Extensión 123 páginas
Dimensiones 21 cm
336 ## - TIPO DE CONTENIDO
Término de tipo de contenido texto
Código de tipo de contenido txt
Fuente rdacontent
337 ## - TIPO DE MEDIO
Nombre del tipo de medio sin mediación
Código del tipo de medio n
Fuente rdamedia
338 ## - TIPO DE SOPORTE
Nombre del tipo de soporte volumen
Código del tipo de soporte nc
Fuente rdacarrier
650 17 - • PUNTO DE ACCESO ADICIONAL DE MATERIA - TÉRMINO DE MATERIA
Término de materia o nombre geográfico como elemento inicial Cine colombiano
Subdivisión de materia general Historia
Subdivisión cronológica Siglo XX
Fuente del encabezamiento o término ARMARC
650 17 - • PUNTO DE ACCESO ADICIONAL DE MATERIA - TÉRMINO DE MATERIA
Término de materia o nombre geográfico como elemento inicial Películas cinematográficas
Subdivisión de materia general Historia
Subdivisión cronológica Siglo XX
Subdivisión geográfica Colombia
Fuente del encabezamiento o término ARMARC
700 1# - • PUNTO DE ACCESO ADICIONAL - NOMBRE DE PERSONA
Nombre de persona Carrillo Hernández, Adriana María
Término indicativo de función autora
942 ## - ENTRADA DE ELEMENTOS AGREGADOS (KOHA)
Fuente de clasificaión o esquema
Koha [por defecto] tipo de item LIbro
Existencias
Perdido Fuente de clasificación o esquema Estado Físico No para préstamo Forma de adquisición Localización permanente Localización actual Localización en estanterías Fecha adquisición Préstamos totales Signatura completa Código de barras Fecha última consulta Número de copia Fecha del precio de reemplazo Tipo de item de Koha Número de registro
  Dewey Decimal Classification     Colección General Biblioteca Pública Cubarral Biblioteca Pública Cubarral General 08/11/2023   791.4309861 M67h CUB02836 08/11/2023 Ej.1 08/11/2023 LIbro  
  Dewey Decimal Classification     Colección General Biblioteca Pública Fuentedeoro - Henry Llanos García Biblioteca Pública Fuentedeoro - Henry Llanos García General 05/30/2023   791.4309861 M67h Fo0000920 05/30/2023 Ej.1 05/30/2023 LIbro  
  Dewey Decimal Classification     Colección General Biblioteca Pública Lejanias Biblioteca Pública Lejanias General 11/18/2025   791.4309861 M67h LEJ01414 11/18/2025 Ej.1 11/18/2025 LIbro  
  Dewey Decimal Classification     Colección General Biblioteca Pública Puerto Lleras Biblioteca Pública Puerto Lleras General 07/03/2025   791.4309861 M67h PLL02264 07/03/2025 Ej.1 07/03/2025 LIbro  
  Dewey Decimal Classification     Colección General Biblioteca Pública San Carlos de Guaroa - Eduardo Carranza Biblioteca Pública San Carlos de Guaroa - Eduardo Carranza General 06/19/2025   791.4309861 M67h SG03331 06/19/2025 Ej.1 06/19/2025 LIbro  
  Dewey Decimal Classification     Colección General Biblioteca Pública El Castillo - Alfonso Meneses Biblioteca Pública El Castillo - Alfonso Meneses General 07/06/2023   791.4309861 M67h EC00936 07/06/2023 Ej.1 07/06/2023 LIbro  
  Dewey Decimal Classification     Colección General Biblioteca Pública Guamal Biblioteca Pública Guamal General 03/31/2023   791.4309861 M67h GUA002890 03/31/2023 Ej.1 03/31/2023 LIbro  
  Dewey Decimal Classification       Biblioteca Pública Vistahermosa Biblioteca Pública Vistahermosa   03/14/2024   791.4309861 VIS00T1002 03/14/2024 Ej.1 03/14/2024 LIbro 791.4309861 M67h EJ1









Instituto Departamental de Cultura del Meta - Red Departamental de Bibliotecas Públicas del Meta.